LDR 00796naa#a2200157#i#450# 001 RU\\bibl\19423 005 20260516041619.6 100 ## _a20260515b2026####ek#y0rusy0150####ca 102 ## _aRU 200 1# _aТРОФИЧЕСКИЕ СВЯЗИ ЖУКОВ СЕМЕЙСТВА CHRYSOMELIDAE (COLEOPTERA) C ИНТРОДУЦИРОВАННЫМИ РАСТЕНИЯМИ ВОРОНЕЖА _eСтатья/тезисы конференции 210 1# _aВоронеж _cВоронежский государственный лесотехнический университет имени Г.Ф. Морозова _d2026 215 ## _a11 с. 608 ## _aСтатья/тезисы конференции _2local 675 ## _aChrysomelidae. Листоеды. 595.768.12 _z 700 #1 _aКаданцев _gМ. М. 856 4# _abibl.vgltu.ru _u